Grisélidis (Record no. 171281)

MARC details
000 -LEADER
campo de control de longitud fija 00791nam a22002055i 4500
001 - NÚMERO DE CONTROL
campo de control 171281
003 - IDENTIFICADOR DE NÚMERO DE CONTROL
campo de control ES-MaACL
005 - FECHA Y HORA DE LA ÚLTIMA TRANSACCIÓN
campo de control 20250520195915.0
008 - DATOS DE LONGITUD FIJA--INFORMACIÓN GENERAL
campo de control de longitud fija 090507s1923 fr a | |||| ||fre d
080 ## - NÚMERO DE LA CLASIFICACIÓN DECIMAL UNIVERSAL
Número de la Clasificación Decimal Universal 782.6
100 1# - ENTRADA PRINCIPAL--NOMBRE DE PERSONA
Nombre de persona Silvestre, Armand.
9 (RLIN) 106436
245 10 - MENCIÓN DEL TÍTULO
Título Grisélidis
Resto del título : conte lyrique en trois actes et un prologue /
Mención de responsabilidad, etc. poème de Armand Silvestre & Eugène Morand ; d'après le mystère représenté a la Comédie-Française ; musique de Massenet.
260 ## - PUBLICACIÓN, DISTRIBUCIÓN, ETC.
Lugar de publicación, distribución, etc. Paris :
Nombre del editor, distribuidor, etc. Stock,
Fecha de publicación, distribución, etc. 1923.
300 ## - DESCRIPCIÓN FÍSICA
Extensión 66 p. ;
Dimensiones 18 cm.
650 #4 - PUNTO DE ACCESO ADICIONAL DE MATERIA--TÉRMINO DE MATERIA
Término de materia o nombre geográfico como elemento de entrada Operetas-
Subdivisión de forma Libretos.
9 (RLIN) 139352
700 1# - ENTRADA AGREGADA--NOMBRE PERSONAL
Nombre de persona Morand, Eugène.
9 (RLIN) 83130
700 1# - ENTRADA AGREGADA--NOMBRE PERSONAL
Nombre de persona Massenet, Jules,
Fechas asociadas al nombre 1842-1912
9 (RLIN) 240595
852 4# - LOCALIZACIÓN
Ubicación ES-MaACL
Número de control de estantería E-12633
itemnumber R.140208
Nota libre . - Biblioteca Jacinto Martínez Lacalle
Holdings
Estatus retirado Estado de pérdida Estado de daño No para préstamo Biblioteca de origen Biblioteca actual Ubicación en estantería Fecha de adquisición Fuente de adquisición Total de préstamos Signatura topográfica completa Código de barras Visto por última vez Precio de reemplazo Tipo de ítem Koha
        Biblioteca del Ateneo de Madrid Biblioteca del Ateneo de Madrid Depósito 2 07/05/2009     E-12633 1179749 23/02/2023 23/02/2023 Libro impreso